Library of the University of Algiers 3
Ibrahim Sultan Cheibout
شعار جامعة الجزائر 3
مكتبة جامعة الجزائر 3
إبراهيم سلطان شيبوط

الللقاء العربي الأول لخبراء الكورت (رقم التسجيلة. 13070)

تفاصيل مارك
000 -LEADER
fixed length control field 00512nam a2200169Ia 4500
003 - CONTROL NUMBER IDENTIFIER
control field IEPS
005 - DATE AND TIME OF LATEST TRANSACTION
control field 20250703135311.0
008 - FIXED-LENGTH DATA ELEMENTS--GENERAL INFORMATION
fixed length control field 250223s9999||||xx |||||||||||||| ||und||
040 ## - CATALOGING SOURCE
-- IEPS
041 ## - LANGUAGE CODE
Language code of text/sound track or separate title ara
082 ## - DEWEY DECIMAL CLASSIFICATION NUMBER
Classification number 370.1
245 #0 - TITLE STATEMENT
Title الللقاء العربي الأول لخبراء الكورت
245 #0 - TITLE STATEMENT
Remainder of title الكورت تحت المجهر
260 ## - PUBLICATION, DISTRIBUTION, ETC.
Place of publication, distribution, etc. عمان
Name of publisher, distributor, etc. مركز ديبونو لتعليم التفكير
Date of publication, distribution, etc. 2006
300 ## - PHYSICAL DESCRIPTION
Extent 235 ص.
Other physical details جداول ، رسوم
Dimensions 24 سم.
942 ## - ADDED ENTRY ELEMENTS (KOHA)
Koha item type كتب
المقتنيات
Withdrawn status Lost status Source of classification or shelving scheme Damaged status Not for loan Home library Current library Date acquired Inventory number Total checkouts Full call number Barcode Date last seen Copy number Price effective from Koha item type
    Dewey Decimal Classification   NOT LOAN / إعارة داخلية مكتبة معهد التربية البدنية و الرياضية مكتبة معهد التربية البدنية و الرياضية 23/02/2025 invar7338   370.1 ل / 1 invar7338 23/02/2025 ل ع 2400 / 1 23/02/2025 كتب
    Dewey Decimal Classification   Available مكتبة معهد التربية البدنية و الرياضية مكتبة معهد التربية البدنية و الرياضية 23/02/2025 invar7339   370.1 ل / 2 invar7339 23/02/2025 ل ع 2400 / 2 23/02/2025 كتب
    Dewey Decimal Classification   Available مكتبة معهد التربية البدنية و الرياضية مكتبة معهد التربية البدنية و الرياضية 23/02/2025 invar7340   370.1 ل / 3 invar7340 23/02/2025 ل ع 2400 / 3 23/02/2025 كتب

موارد الويب المفتوحة


© University of Algiers 3 All Rights Reserved
|
Implemented by LECHELAH Riad